Strategic management : (Record no. 2432)

MARC details
000 -LEADER
fixed length control field 00762nam a22002417a 4500
003 - CONTROL NUMBER IDENTIFIER
control field BD-DhJNU
005 - DATE AND TIME OF LATEST TRANSACTION
control field 20251211070020.0
008 - FIXED-LENGTH DATA ELEMENTS--GENERAL INFORMATION
fixed length control field 251211b |||||||| |||| 00| 0 eng d
020 ## - INTERNATIONAL STANDARD BOOK NUMBER
International Standard Book Number 9789355735645
020 ## - INTERNATIONAL STANDARD BOOK NUMBER
International Standard Book Number 9355735642
040 ## - CATALOGING SOURCE
Original cataloging agency BD-DhJNU
Language of cataloging ENG
Transcribing agency BD-DhJNU
Modifying agency BD-DhJNU
082 ## - DEWEY DECIMAL CLASSIFICATION NUMBER
Edition number 23
Classification number 658.4012 HIS
100 ## - MAIN ENTRY--PERSONAL NAME
Personal name Hill, Charles W. L.
245 ## - TITLE STATEMENT
Title Strategic management :
Remainder of title theory & cases : an integrated approach /
Statement of responsibility, etc. Charles W. L. Hill, Melissa A. Schilling and Gareth R. Jones
250 ## - EDITION STATEMENT
Edition statement 13th ed.
260 ## - PUBLICATION, DISTRIBUTION, ETC.
Place of publication, distribution, etc. Australia :
Name of publisher, distributor, etc. Cengage,
Date of publication, distribution, etc. 2024.
300 ## - PHYSICAL DESCRIPTION
Extent xxi, 693p.+ :
Other physical details ill. ;
Dimensions 26 cm.
504 ## - BIBLIOGRAPHY, ETC. NOTE
Bibliography, etc. note Includes index
650 ## - SUBJECT ADDED ENTRY--TOPICAL TERM
Topical term or geographic name entry element Strategic Management
700 ## - ADDED ENTRY--PERSONAL NAME
Personal name Schilling, Melissa A.
700 ## - ADDED ENTRY--PERSONAL NAME
Personal name Jones, Gareth R.
942 ## - ADDED ENTRY ELEMENTS (KOHA)
Source of classification or shelving scheme Dewey Decimal Classification
Koha item type Books
Suppress in OPAC No
Holdings
Withdrawn status Lost status Source of classification or shelving scheme Damaged status Not for loan Collection Home library Current library Shelving location Date acquired Source of acquisition Total checkouts Full call number Barcode Date last seen Copy number Price effective from Koha item type
    Dewey Decimal Classification     Non-fiction Jagannath University Central Library Jagannath University Central Library General stacks 12/11/2025 Purchased   658.4012 HIS JNUCL36532 12/11/2025 1 12/11/2025 Books